[Event "Reykjavik Open 2009"]
[Site "Reykjavik"]
[Date "2009.03.30"]
[Round "7.47"]
[White "Helgadottir, Sigridur Bjorg"]
[Black "Rodriguez Fonseca, Jorge"]
[Result "1/2-1/2"]
[WhiteElo "1646"]
[BlackElo "2052"]
[PlyCount "117"]
[EventDate "2009.03.24"]

1. c4 e5 2. Nc3 f5 3. d3 Bb4 4. e3 Nf6 5. g3 O-O 6. Nge2 d6 7. Bg2 c5 8. O-O
Bxc3 9. Nxc3 Nc6 10. b3 Be6 11. Nd5 Rb8 12. Bb2 Ne7 13. Nxf6+ Rxf6 14. f4 Qc7
15. d4 exd4 16. exd4 Rf7 17. Re1 Bd7 18. Re3 b6 19. Qe2 Bc6 20. Bxc6 Nxc6 21.
d5 Nd4 22. Qd3 b5 23. Bxd4 bxc4 24. Qxc4 cxd4 25. Qxc7 Rxc7 26. Rd3 Re8 27. Rd2
d3 28. Kf1 Rc5 29. Rad1 Rxd5 30. Rxd3 Rxd3 31. Rxd3 Rd8 32. Ke2 Kf7 33. Re3 h6
34. h4 Rd7 35. Kd3 Rc7 36. Kd4 Rc6 37. Rc3 Ra6 38. a4 Kf6 39. Kd5 Rb6 40. Re3
Kf7 41. Kc4 a6 42. b4 g5 43. hxg5 hxg5 44. b5 axb5+ 45. axb5 gxf4 46. gxf4 Rb8
47. Kb4 Kf6 48. Ka5 Ra8+ 49. Kb6 Ra4 50. Kc6 Rxf4 51. Rb3 Ke5 52. b6 Rc4+ 53.
Kd7 Rh4 54. b7 Rh7+ 55. Kc6 Rxb7 56. Rxb7 f4 57. Rb4 f3 58. Rb3 Ke4 59. Rxf3
1/2-1/2

[Event "Reykjavik Open 2009"]
[Site "Reykjavik"]
[Date "2009.03.30"]
[Round "7.49"]
[White "Eliasson, Kristjan Orn"]
[Black "Gardarsson, Hordur"]
[Result "1-0"]
[WhiteElo "1940"]
[BlackElo "1951"]
[PlyCount "75"]
[EventDate "2009.03.24"]

1. e4 c6 2. Nf3 d5 3. e5 Bg4 4. Be2 e6 5. d4 Nd7 6. O-O c5 7. c4 Ne7 8. Qa4
cxd4 9. h3 Bh5 10. g4 Bg6 11. Nxd4 a6 12. Bg5 Qc7 13. Bf4 Bxb1 14. Raxb1 Ng6
15. Bg3 Ngxe5 16. cxd5 exd5 17. Rbc1 Qb8 18. Rfe1 Bd6 19. f4 Qa7 20. fxe5 Bc5
21. Bf2 b5 22. Qd1 O-O 23. Rxc5 Qxc5 24. Ne6 Qe7 25. Nxf8 Rxf8 26. Qxd5 h6 27.
Bd3 h5 28. e6 fxe6 29. Qxh5 Nf6 30. Qe5 Re8 31. Bg6 Rd8 32. Qxe6+ Qxe6 33. Rxe6
Rd1+ 34. Kg2 Rd2 35. g5 Nh7 36. Re8+ Nf8 37. Kg3 Rd5 38. h4 1-0

[Event "Reykjavik Open 2009"]
[Site "Reykjavik"]
[Date "2009.03.30"]
[Round "7.50"]
[White "Sigurjonsson, Siguringi"]
[Black "Gudmundsson, Kjartan"]
[Result "1/2-1/2"]
[WhiteElo "1904"]
[BlackElo "2009"]
[PlyCount "45"]
[EventDate "2009.03.24"]

1. d4 Nf6 2. Bf4 d5 3. e3 c6 4. c3 g6 5. Nd2 Bg7 6. h3 O-O 7. Bd3 Nbd7 8. Ngf3
Nh5 9. Bh2 Re8 10. Ne5 e6 11. Ndf3 Bxe5 12. Nxe5 Nxe5 13. Bxe5 f6 14. Bh2 e5
15. dxe5 fxe5 16. Qc2 e4 17. Be2 Ng7 18. O-O-O b5 19. Rhe1 a5 20. g4 Ra7 21.
Bg3 Rf7 22. h4 a4 23. Rh1 1/2-1/2

[Event "Reykjavik Open 2009"]
[Site "Reykjavik"]
[Date "2009.03.30"]
[Round "7.51"]
[White "Johannsdottir, Johanna Bjorg"]
[Black "Kristinsson, Bjarni Jens"]
[Result "0-1"]
[WhiteElo "1724"]
[BlackElo "1959"]
[PlyCount "70"]
[EventDate "2009.03.24"]

1. e4 c5 2. c3 d5 3. exd5 Qxd5 4. d4 Nf6 5. Nf3 Bg4 6. dxc5 Qxc5 7. Be3 Qc7 8.
Be2 e5 9. O-O Bd6 10. h3 Bh5 11. Nbd2 Nc6 12. Ng5 Bg6 13. Bf3 O-O 14. Nde4 Rfd8
15. Nxf6+ gxf6 16. Ne4 Be7 17. Nd2 f5 18. Bxc6 Qxc6 19. Bh6 f4 20. Re1 Rd5 21.
c4 Rd4 22. Qe2 Rad8 23. Nf3 Re4 24. Qf1 f6 25. b3 Kf7 26. Rad1 Rxe1 27. Qxe1
Qe4 28. Rxd8 Qxe1+ 29. Nxe1 Bxd8 30. g3 Ba5 31. Nf3 Be4 32. Kg2 Bb4 33. gxf4
Kg6 34. fxe5 Kxh6 35. exf6 Bd6 0-1

[Event "Reykjavik Open 2009"]
[Site "Reykjavik"]
[Date "2009.03.30"]
[Round "7.52"]
[White "Jonsson, Olafur Gisli"]
[Black "Magnusson, Patrekur Maron"]
[Result "1-0"]
[WhiteElo "1913"]
[BlackElo "1902"]
[PlyCount "45"]
[EventDate "2009.03.24"]

1. e4 c5 2. Nf3 e6 3. d4 cxd4 4. Nxd4 Bc5 5. Nb3 Bb6 6. Nc3 Ne7 7. Be2 O-O 8.
O-O Nbc6 9. Bf4 f5 10. Bd6 Bc7 11. Nb5 Bxd6 12. Nxd6 fxe4 13. Nc5 Nd5 14. Ncxe4
Nf6 15. Bd3 a5 16. Qe2 Qb6 17. c3 Ne7 18. Rad1 Qc7 19. Bc2 b6 20. Nxf6+ Rxf6
21. Qe4 Rb8 22. Qxh7+ Kf8 23. Qh8+ 1-0

[Event "Reykjavik Open 2009"]
[Site "Reykjavik"]
[Date "2009.03.30"]
[Round "7.53"]
[White "Palsson, Svanberg Mar"]
[Black "Ingason, Sigurdur"]
[Result "1/2-1/2"]
[WhiteElo "1720"]
[BlackElo "1949"]
[PlyCount "114"]
[EventDate "2009.03.24"]

1. d4 d5 2. c4 c6 3. cxd5 cxd5 4. Nc3 Nf6 5. Bf4 Nc6 6. Rc1 a6 7. e3 Bf5 8. Nf3
Rc8 9. a3 e6 10. Bd3 Bg6 11. O-O Be7 12. b4 O-O 13. Na4 a5 14. b5 Na7 15. b6
Nc6 16. Bc7 Qe8 17. Nc5 Bxc5 18. Rxc5 Nd7 19. Rc3 Bxd3 20. Qxd3 Qe7 21. Rfc1
Ndb8 22. h3 Nd8 23. Bxd8 Rcxd8 24. Rc7 Rd7 25. Ne5 Rxc7 26. bxc7 Nc6 27. Nxc6
Qxc7 28. Qc2 bxc6 29. Qxc6 Qxc6 30. Rxc6 Ra8 31. Kf1 Kf8 32. Ke2 a4 33. Rb6 Rc8
34. Ra6 Rc2+ 35. Ke1 Rc4 36. Ke2 Ke7 37. Kd3 f5 38. f3 Rc1 39. Rxa4 Rg1 40.
Ra7+ Kf6 41. f4 Rxg2 42. a4 Ra2 43. a5 g5 44. fxg5+ Kxg5 45. Rxh7 Rxa5 46. Ke2
Ra1 47. Rh8 Kf6 48. Rh6+ Kf7 49. h4 Rh1 50. Kf3 Rg1 51. h5 Rg5 52. Rh7+ Kf6 53.
h6 Rh5 54. Rh8 Rh3+ 55. Kf2 Kg6 56. Rg8+ Kf7 57. Rh8 Kg6 1/2-1/2

[Event "Reykjavik Open 2009"]
[Site "Reykjavik"]
[Date "2009.03.31"]
[Round "8.1"]
[White "Gupta, Abhijeet"]
[Black "Kryvoruchko, Yuriy"]
[Result "1/2-1/2"]
[WhiteElo "2569"]
[BlackElo "2604"]
[PlyCount "40"]
[EventDate "2009.03.24"]

1. d4 Nf6 2. c4 e6 3. Nf3 b6 4. a3 Bb7 5. Nc3 d5 6. Bg5 Be7 7. Qa4+ c6 8. cxd5
exd5 9. e3 Nbd7 10. Bd3 h6 11. Bf4 O-O 12. O-O Re8 13. h3 Bf8 14. Rfd1 a6 15.
Qc2 Qe7 16. Bh2 Rac8 17. Qe2 b5 18. Rac1 g6 19. Bb1 Bg7 20. Ba2 Nb6 1/2-1/2

[Event "Reykjavik Open 2009"]
[Site "Reykjavik"]
[Date "2009.03.31"]
[Round "8.3"]
[White "Vocaturo, Daniele"]
[Black "Areshchenko, Alexander"]
[Result "0-1"]
[WhiteElo "2445"]
[BlackElo "2673"]
[PlyCount "74"]
[EventDate "2009.03.24"]

1. e4 e5 2. Nf3 Nc6 3. d4 exd4 4. Bc4 Nf6 5. e5 d5 6. Bb5 Ne4 7. Nxd4 Bd7 8.
Bxc6 bxc6 9. O-O Bc5 10. f3 Ng5 11. f4 Ne4 12. Be3 Bb6 13. Nd2 Nxd2 14. Qxd2 c5
15. Nf3 d4 16. Bf2 Bc6 17. Bh4 Qd7 18. f5 Qxf5 19. e6 fxe6 20. Ng5 Qg6 21. Nxe6
Kd7 22. Nf4 Qg4 23. Bg3 Rhe8 24. c4 g5 25. Nd5 Bxd5 26. cxd5 Re2 27. Qd3 c4 28.
h3 cxd3 29. hxg4 Rae8 30. Rad1 d2 31. a3 R8e4 32. Kh2 d3 33. Rf7+ Re7 34. Rf3
Be3 35. Rf6 Re1 36. Bxe1 Bg1+ 37. Kxg1 dxe1=Q+ 0-1

[Event "Reykjavik Open 2009"]
[Site "Reykjavik"]
[Date "2009.03.31"]
[Round "8.5"]
[White "Siebrecht, Sebastian"]
[Black "Maze, Sebastien"]
[Result "0-1"]
[WhiteElo "2440"]
[BlackElo "2579"]
[PlyCount "58"]
[EventDate "2009.03.24"]

1. d4 Nf6 2. c4 g6 3. Nc3 Bg7 4. e4 d6 5. Nge2 O-O 6. Ng3 h5 7. Be2 Nbd7 8. Bg5
c5 9. d5 Nh7 10. Be3 Ne5 11. h3 e6 12. Qd2 exd5 13. exd5 f5 14. Nf1 Re8 15. f4
Nf7 16. Bd3 a6 17. O-O-O b5 18. cxb5 axb5 19. Bxb5 Bd7 20. Bc4 Nf6 21. Ng3 h4
22. Nge2 Ne4 23. Qd3 Qb6 24. Rhe1 Reb8 25. Qc2 Qb4 26. Qb3 Qa5 27. Qc2 Rb4 28.
Bd3 Nxc3 29. Nxc3 Rxb2 0-1

[Event "Reykjavik Open 2009"]
[Site "Reykjavik"]
[Date "2009.03.31"]
[Round "8.6"]
[White "Nataf, Igor-Alexandre"]
[Black "Stefansson, Hannes"]
[Result "0-1"]
[WhiteElo "2533"]
[BlackElo "2563"]
[PlyCount "126"]
[EventDate "2009.03.24"]

1. e4 e5 2. Nf3 Nc6 3. d4 exd4 4. Nxd4 Bc5 5. Nxc6 Qf6 6. Qf3 bxc6 7. Nd2 d6 8.
Nb3 Bb6 9. Bd2 Qxf3 10. gxf3 Ne7 11. a4 a5 12. Rg1 O-O 13. Be3 Bxe3 14. fxe3 c5
15. O-O-O Be6 16. Nd2 f5 17. e5 Rfd8 18. exd6 cxd6 19. Bc4 d5 20. Bb5 Ng6 21.
Rg5 Ne5 22. Rdg1 g6 23. h4 Kg7 24. R5g3 Kf6 25. Re1 Rdc8 26. Rg2 c4 27. f4 Ng4
28. Nb1 Bf7 29. Rd2 Ra7 30. Nc3 Rc5 31. Rde2 Re7 32. Kd2 Rc8 33. Nd1 Rd8 34. c3
Kg7 35. Rg2 Be8 36. Bxe8 Rdxe8 37. Kc1 Re4 38. Rd2 Nf6 39. Rf1 R4e6 40. Kc2 Rd6
41. Rh1 Ne4 42. Rdh2 h5 43. Re2 Nc5 44. Nf2 Rde6 45. Rd1 Rxe3 46. Rxe3 Rxe3 47.
Rxd5 Nxa4 48. Nd1 Re2+ 49. Kc1 Re4 50. Rxa5 Nb6 51. Rb5 Nc8 52. Rc5 Ne7 53. Rc7
Kf6 54. Kd2 Rxf4 55. Ne3 Rxh4 56. Nxc4 Rh2+ 57. Ke1 h4 58. Rd7 h3 59. Rd3 g5
60. Kf1 Rh1+ 61. Kf2 g4 62. Nd2 f4 63. Nf1 Nf5 0-1

[Event "Reykjavik Open 2009"]
[Site "Reykjavik"]
[Date "2009.03.31"]
[Round "8.7"]
[White "Meszaros, Michal"]
[Black "Steingrimsson, Hedinn"]
[Result "0-1"]
[WhiteElo "2376"]
[BlackElo "2547"]
[PlyCount "110"]
[EventDate "2009.03.24"]

1. e4 e5 2. Nf3 Nc6 3. Bb5 a6 4. Ba4 Nf6 5. O-O b5 6. Bb3 Be7 7. d3 d6 8. a4
Bg4 9. c3 O-O 10. h3 Bd7 11. Nbd2 Na5 12. Bc2 c5 13. Re1 Qc7 14. Nf1 h6 15. Ng3
Rfe8 16. Nh4 Bf8 17. Nhf5 Kh7 18. Qf3 Ng8 19. Ne3 Be6 20. Nd5 Qb7 21. Be3 g6
22. b4 Nc6 23. Bb3 cxb4 24. cxb4 Nxb4 25. d4 Nc6 26. dxe5 dxe5 27. h4 Na5 28.
Ba2 bxa4 29. Rab1 Nb3 30. Nb6 Rab8 31. Nxa4 Qc6 32. Nb6 Nd4 33. Bxd4 Bxa2 34.
Be3 Bxb1 35. Qxf7+ Bg7 36. Rxb1 Qf6 37. Qxf6 Nxf6 38. Ra1 Ng4 39. Bc5 Bf8 40.
Nd7 Bxc5 41. Nxc5 Rec8 42. Nd3 Rc3 43. Ne1 Rb2 44. f3 Ne3 45. Nf1 a5 46. Nxe3
Rxe3 47. Rd1 Ree2 48. Kh1 a4 49. Rd7+ Kg8 50. Nd3 Rbd2 51. Rd8+ Kg7 52. Rd7+
Kf8 53. Rd8+ Ke7 54. Rd5 a3 55. Rxe5+ Kf6 0-1

[Event "Reykjavik Open 2009"]
[Site "Reykjavik"]
[Date "2009.03.31"]
[Round "8.8"]
[White "Oleksienko, Mikhailo"]
[Black "Lund, Esben"]
[Result "1/2-1/2"]
[WhiteElo "2550"]
[BlackElo "2421"]
[PlyCount "106"]
[EventDate "2009.03.24"]

1. e4 e5 2. Nf3 Nc6 3. Bb5 Nf6 4. O-O Nxe4 5. d4 Nd6 6. dxe5 Nxb5 7. a4 Nbd4 8.
Nxd4 Nxd4 9. Qxd4 d5 10. Qd3 Qd7 11. Be3 c5 12. c3 Qc6 13. Na3 Be7 14. b4 b6
15. Rfd1 Bb7 16. Qb5 Qxb5 17. Nxb5 Kd7 18. bxc5 bxc5 19. a5 Kc6 20. Nd6 Bxd6
21. exd6 Ba6 22. Bf4 Rhe8 23. Re1 g5 24. Bg3 f5 25. Be5 Re6 26. f4 Rae8 27. Kf2
Bd3 28. h4 g4 29. Ra2 Be4 30. Rb2 Rxe5 31. fxe5 Rxe5 32. Kg3 Kxd6 33. Rb7 d4
34. cxd4 cxd4 35. Rxa7 Rc5 36. Rd1 d3 37. Kf4 Rc2 38. Rxh7 Rxg2 39. a6 Rf2+ 40.
Ke3 g3 41. Rg7 Ra2 42. Rd2 Rxa6 43. Rxg3 Ke5 44. Rg5 Ra1 45. Rxd3 Bxd3 46. Kxd3
Re1 47. Kd2 Re4 48. Rg3 Kf4 49. Ra3 Re8 50. h5 Kg4 51. Re3 Rd8+ 52. Ke2 f4 53.
Ra3 Kxh5 1/2-1/2

[Event "Reykjavik Open 2009"]
[Site "Reykjavik"]
[Date "2009.03.31"]
[Round "8.9"]
[White "Popovic, Milos T"]
[Black "Leon Hoyos, Manuel"]
[Result "1-0"]
[WhiteElo "2400"]
[BlackElo "2542"]
[PlyCount "127"]
[EventDate "2009.03.24"]

1. d4 g6 2. e4 Bg7 3. c4 d6 4. Nc3 Nf6 5. h3 O-O 6. Nf3 c5 7. d5 e6 8. Be2 exd5
9. exd5 Re8 10. O-O Na6 11. Bg5 h6 12. Be3 Nc7 13. Qd2 Kh7 14. Rfe1 a6 15. a4
Rb8 16. Bf1 Bd7 17. Bf4 Bf8 18. Rxe8 Bxe8 19. Re1 b5 20. axb5 axb5 21. b3 Bd7
22. Bd3 Rb6 23. g4 Bg7 24. Kg2 Qa8 25. Re7 Qf8 26. Re2 Kg8 27. Ne4 Nxe4 28.
Bxe4 bxc4 29. bxc4 Rb4 30. Bd3 Bc8 31. Qe1 Ba6 32. Re7 Qd8 33. Bd2 Ra4 34. Re4
Ra3 35. Bf1 Qf6 36. Rf4 Qd8 37. Re4 Qb8 38. Bf4 Ra1 39. Qd2 Qf8 40. Re1 Ra3 41.
Rb1 g5 42. Bg3 f5 43. Nxg5 hxg5 44. Qxg5 fxg4 45. hxg4 Rc3 46. Rb6 Bxc4 47.
Bxc4 Rxc4 48. Rxd6 Ne8 49. Rd8 Re4 50. d6 Qf6 51. Qd5+ Kf8 52. Ra8 Qe6 53. Qxe6
Rxe6 54. d7 Bf6 55. dxe8=Q+ Rxe8 56. Bd6+ Kf7 57. Rxe8 Kxe8 58. Bxc5 Kf7 59. f4
Ke6 60. Kf3 Kd5 61. Be3 Bc3 62. g5 Ke6 63. Ke4 Kf7 64. f5 1-0

[Event "Reykjavik Open 2009"]
[Site "Reykjavik"]
[Date "2009.03.31"]
[Round "8.10"]
[White "Breder, Dennis"]
[Black "Conquest, Stuart C"]
[Result "1/2-1/2"]
[WhiteElo "2427"]
[BlackElo "2531"]
[PlyCount "64"]
[EventDate "2009.03.24"]

1. e4 c5 2. Nf3 b6 3. d4 cxd4 4. Nxd4 Bb7 5. Nc3 a6 6. g3 d6 7. Bg2 Nd7 8. O-O
e6 9. Re1 Be7 10. Be3 Rc8 11. f4 Nc5 12. Nb3 Qc7 13. Nxc5 dxc5 14. e5 Nh6 15.
Qe2 Nf5 16. Bxb7 Qxb7 17. Qg2 Qc7 18. Ne4 Rd8 19. Bf2 h5 20. Rad1 O-O 21. Qf3
g6 22. h3 Rxd1 23. Rxd1 Rd8 24. Rxd8+ Qxd8 25. Qd3 Qa8 26. Kh2 Kf8 27. c4 Qc6
28. b3 Nh6 29. a4 Ke8 30. Kg1 Nf5 31. Kh2 Nh6 32. Kg1 Nf5 1/2-1/2

[Event "Reykjavik Open 2009"]
[Site "Reykjavik"]
[Date "2009.03.31"]
[Round "8.13"]
[White "Grandelius, Nils"]
[Black "Rombaldoni, Axel"]
[Result "1/2-1/2"]
[WhiteElo "2464"]
[BlackElo "2309"]
[PlyCount "79"]
[EventDate "2009.03.24"]

1. e4 c5 2. Nf3 Nc6 3. d4 cxd4 4. Nxd4 Nf6 5. Nc3 e6 6. Ndb5 Bb4 7. a3 Bxc3+ 8.
Nxc3 d5 9. exd5 exd5 10. Bd3 O-O 11. O-O d4 12. Ne2 Bg4 13. f3 Bh5 14. b4 Nd5
15. Rf2 Re8 16. Bb2 Ne3 17. Qd2 f5 18. Re1 Ne5 19. Nxd4 N5c4 20. Qc3 Nxb2 21.
Qxb2 Qf6 22. c3 f4 23. Be4 Re7 24. Nc2 Nc4 25. Qc1 Bf7 26. Nd4 Rae8 27. Rfe2 g6
28. a4 Ne5 29. Rd1 Bc4 30. Red2 a6 31. Nc2 Ng4 32. Rd4 Rxe4 33. Rxe4 Rxe4 34.
fxe4 Be2 35. Rd4 f3 36. gxf3 Qxf3 37. Qe1 Bd3 38. Rd8+ Kg7 39. Rd7+ Kg8 40.
Rd8+ 1/2-1/2

[Event "Reykjavik Open 2009"]
[Site "Reykjavik"]
[Date "2009.03.31"]
[Round "8.14"]
[White "Caspi, Israel"]
[Black "Gunnarsson, Jon Viktor"]
[Result "1-0"]
[WhiteElo "2402"]
[BlackElo "2463"]
[PlyCount "91"]
[EventDate "2009.03.24"]

1. e4 c5 2. Nf3 d6 3. d4 cxd4 4. Nxd4 Nf6 5. Nc3 a6 6. Be3 e5 7. Nb3 Be6 8. Qd2
Nbd7 9. O-O-O Be7 10. f3 O-O 11. g4 b5 12. g5 b4 13. Ne2 Ne8 14. f4 a5 15. f5
a4 16. Nbd4 exd4 17. Nxd4 b3 18. Kb1 bxc2+ 19. Nxc2 Bb3 20. axb3 axb3 21. Na3
Ne5 22. h4 Ra4 23. Rh3 Qa8 24. Qd5 Qxd5 25. Rxd5 Rxe4 26. Nb5 f6 27. Rd4 Rxd4
28. Nxd4 Nc7 29. Bc1 Rb8 30. Bg2 Rb4 31. Nxb3 fxg5 32. Rc3 Rc4 33. Rxc4 Nxc4
34. hxg5 Kf7 35. Nd4 h6 36. Nb5 Nxb5 37. Bd5+ Kf8 38. Bxc4 Nd4 39. f6 gxf6 40.
gxh6 Nc6 41. Bd2 f5 42. b4 d5 43. b5 Nb4 44. Bf1 d4 45. Bc4 d3 46. Bc3 1-0

[Event "Reykjavik Open 2009"]
[Site "Reykjavik"]
[Date "2009.03.31"]
[Round "8.15"]
[White "Shytaj, Luca"]
[Black "Cori, Jorge"]
[Result "1-0"]
[WhiteElo "2453"]
[BlackElo "2370"]
[PlyCount "67"]
[EventDate "2009.03.24"]

1. e4 e6 2. Qe2 Nf6 3. Nf3 Be7 4. d3 c5 5. g3 Nc6 6. Bg2 d6 7. O-O O-O 8. c3 e5
9. Rd1 Qc7 10. Na3 Rb8 11. d4 h6 12. d5 Nd8 13. Nb5 Qb6 14. Nxe5 dxe5 15. d6
Bxd6 16. Nxd6 Bg4 17. f3 Be6 18. Be3 Nc6 19. Qf2 Nd7 20. b4 a6 21. Rab1 Qc7 22.
bxc5 Rfd8 23. Bf1 Na5 24. Rd2 Nf6 25. Rbd1 Rd7 26. h3 Qc6 27. g4 Rbd8 28. g5
hxg5 29. Bxg5 b5 30. f4 Nxe4 31. Nxe4 f6 32. Nxf6+ gxf6 33. Bxf6 Bg4 34. Rxd7
1-0

[Event "Reykjavik Open 2009"]
[Site "Reykjavik"]
[Date "2009.03.31"]
[Round "8.16"]
[White "Thorhallsson, Throstur"]
[Black "Guilleux, Fabien"]
[Result "1-0"]
[WhiteElo "2442"]
[BlackElo "2303"]
[PlyCount "67"]
[EventDate "2009.03.24"]

1. d4 Nf6 2. Nc3 d5 3. Bg5 h6 4. Bxf6 exf6 5. e3 c6 6. Bd3 f5 7. Qf3 g6 8.
O-O-O Nd7 9. Qg3 Nf6 10. f3 Bd6 11. Qf2 Be6 12. h3 Qc7 13. g4 f4 14. exf4 Bxf4+
15. Kb1 Bg3 16. Qg2 O-O-O 17. Nge2 Bh4 18. f4 Rde8 19. Rhf1 h5 20. g5 Ne4 21.
Bxe4 dxe4 22. f5 Bxf5 23. Rf4 Bxg5 24. Qxg5 Bxh3 25. d5 Bf5 26. dxc6 bxc6 27.
Nd4 f6 28. Qxf6 Qxf4 29. Nxc6 Rh7 30. Rd8+ Rxd8 31. Qxd8+ Kb7 32. Na5+ Ka6 33.
Qf6+ Kxa5 34. b4+ 1-0

[Event "Reykjavik Open 2009"]
[Site "Reykjavik"]
[Date "2009.03.31"]
[Round "8.17"]
[White "Williams, Simon K"]
[Black "Cori T, Deysi"]
[Result "1-0"]
[WhiteElo "2507"]
[BlackElo "2256"]
[PlyCount "77"]
[EventDate "2009.03.24"]

1. d4 Nf6 2. c4 e6 3. Nf3 b6 4. Nc3 Bb7 5. Qc2 Bb4 6. Bg5 h6 7. Bh4 g5 8. Bg3
d6 9. Nd2 Nbd7 10. e4 Bxc3 11. bxc3 Qe7 12. f3 c5 13. Bf2 Rc8 14. Be2 cxd4 15.
cxd4 d5 16. e5 Nh5 17. g3 Ng7 18. h4 gxh4 19. Rxh4 dxc4 20. Ne4 Bxe4 21. fxe4
b5 22. Rb1 a6 23. Be3 f6 24. exf6 Nxf6 25. Qc3 Kd7 26. a4 Nf5 27. Rf4 Nxg3 28.
axb5 Ngxe4 29. Qc2 Qa3 30. Rxe4 Nxe4 31. Qxe4 Qa5+ 32. Kf1 axb5 33. d5 Rcf8+
34. Kg1 Rhg8+ 35. Kh1 Qa6 36. dxe6+ Kc8 37. e7 Re8 38. Qf5+ Kc7 39. Bf4+ 1-0

[Event "Reykjavik Open 2009"]
[Site "Reykjavik"]
[Date "2009.03.31"]
[Round "8.18"]
[White "Galego, Luis"]
[Black "Gretarsson, Hjorvar Steinn"]
[Result "0-1"]
[WhiteElo "2494"]
[BlackElo "2279"]
[PlyCount "74"]
[EventDate "2009.03.24"]

1. e4 c5 2. Nf3 e6 3. d4 cxd4 4. Nxd4 Nc6 5. Nxc6 bxc6 6. Bd3 d5 7. O-O Nf6 8.
Nd2 Be7 9. c4 O-O 10. Qc2 h6 11. b3 Bb7 12. Bb2 a5 13. Rac1 Nd7 14. Rfe1 a4 15.
Re3 axb3 16. axb3 Bf6 17. Bxf6 Qxf6 18. b4 Ne5 19. Be2 Rfd8 20. Nb3 dxc4 21.
Bxc4 Ba6 22. Bxa6 Rxa6 23. Nc5 Rb6 24. Rb1 Rd4 25. Reb3 Rb8 26. h3 Rbd8 27. Rf1
Rd2 28. Qc1 Re2 29. Re3 Rb2 30. Rb3 Re2 31. Re3 Rb2 32. Rb3 Rxb3 33. Nxb3 Nd3
34. Qc4 Nf4 35. Kh2 Rd3 36. Rc1 Qh4 37. Kg1 Qg5 0-1

[Event "Reykjavik Open 2009"]
[Site "Reykjavik"]
[Date "2009.03.31"]
[Round "8.19"]
[White "Danielsen, Henrik"]
[Black "Zak, Uri"]
[Result "1-0"]
[WhiteElo "2482"]
[BlackElo "2198"]
[PlyCount "93"]
[EventDate "2009.03.24"]

1. Nf3 Nf6 2. c4 g6 3. g3 Bg7 4. Bg2 O-O 5. d4 c6 6. Nc3 d5 7. cxd5 cxd5 8. Ne5
Ne4 9. Nxe4 dxe4 10. O-O Nd7 11. Bf4 Qb6 12. Qa4 Nf6 13. Nc4 Qxd4 14. Rac1 Nd5
15. Rfd1 Nxf4 16. Rxd4 Nxe2+ 17. Kf1 b5 18. Qxb5 Nxd4 19. Qc5 Be6 20. Bxe4 Rfc8
21. Qb4 Rab8 22. Qa4 a5 23. b3 Rb4 24. Qxa5 Rxb3 25. axb3 Nxb3 26. Qb4 Nxc1 27.
Nb6 Rd8 28. Kg2 Rd4 29. Qa3 Nb3 30. Bd5 Rd3 31. Bxe6 fxe6 32. Qxe7 h6 33. Qxe6+
Kh7 34. Nd5 Rxd5 35. Qxd5 Nd4 36. h4 h5 37. Kh3 Nf5 38. f3 Nd4 39. Qe4 Kh6 40.
g4 Bh8 41. Qf4+ Kh7 42. Qf7+ Bg7 43. gxh5 gxh5 44. Qxh5+ Kg8 45. Qe8+ Kh7 46.
h5 Nxf3 47. Qe4+ 1-0

[Event "Reykjavik Open 2009"]
[Site "Reykjavik"]
[Date "2009.03.31"]
[Round "8.20"]
[White "Cohen, Or"]
[Black "Ris, Robert"]
[Result "0-1"]
[WhiteElo "2286"]
[BlackElo "2436"]
[PlyCount "52"]
[EventDate "2009.03.24"]

1. c4 b6 2. Nc3 Bb7 3. e4 e6 4. Bd3 Nc6 5. Nf3 g5 6. O-O h5 7. Be2 Bg7 8. d3 g4
9. Ne1 Nge7 10. Nc2 d5 11. exd5 exd5 12. d4 Qd7 13. cxd5 Nxd5 14. Nxd5 Qxd5 15.
Ne3 Qd7 16. d5 Ne7 17. Qb3 O-O-O 18. Rd1 Nxd5 19. Nxd5 Bxd5 20. Qa3 Qe6 21. Bf1
Bxg2 22. Bf4 Bb7 23. Rac1 Be5 24. Rxc7+ Kxc7 25. Qc3+ Kb8 26. Bxe5+ Ka8 0-1

[Event "Reykjavik Open 2009"]
[Site "Reykjavik"]
[Date "2009.03.31"]
[Round "8.21"]
[White "Edvardsson, Kristjan"]
[Black "Thorfinnsson, Bragi"]
[Result "1/2-1/2"]
[WhiteElo "2253"]
[BlackElo "2383"]
[PlyCount "115"]
[EventDate "2009.03.24"]

1. e4 c5 2. Nf3 g6 3. d4 cxd4 4. Nxd4 Nc6 5. Nc3 Bg7 6. Be3 d6 7. Bc4 Nf6 8. f3
O-O 9. Bb3 Bd7 10. Qd2 Rb8 11. Nxc6 bxc6 12. Bxa7 Rb7 13. Be3 Qc7 14. Nd1 c5
15. c4 Ra8 16. Rc1 Bc6 17. Nc3 Nd7 18. O-O Qb8 19. Rfd1 Rxb3 20. axb3 Qxb3 21.
Qe2 Rb8 22. Rc2 Nb6 23. Rd3 Qxc4 24. Nd5 Bxd5 25. Rxc4 Bxc4 26. b3 Bxd3 27.
Qxd3 Nd7 28. f4 g5 29. g3 gxf4 30. gxf4 Nf6 31. Bd2 Ng4 32. h3 Bd4+ 33. Kg2 Nf6
34. e5 dxe5 35. fxe5 Bxe5 36. Be3 e6 37. Bxc5 Nd5 38. Qc4 Rb4 39. Qc2 Rb5 40.
Kf2 Nf4 41. b4 Nxh3+ 42. Kf1 Nf4 43. Qe4 Ng6 44. Qc6 Rb8 45. b5 Rd8 46. b6 Rd1+
47. Ke2 Rb1 48. Bd6 Nf4+ 49. Kd2 Rb2+ 50. Kd1 Rb1+ 51. Kc2 Rb2+ 52. Kc1 Ne2+
53. Kd1 Nc3+ 54. Kc1 Ne2+ 55. Kd1 Nc3+ 56. Kc1 Na2+ 57. Kd1 Nc3+ 58. Kc1
1/2-1/2

[Event "Reykjavik Open 2009"]
[Site "Reykjavik"]
[Date "2009.03.31"]
[Round "8.22"]
[White "Lucaroni, Massimiliano"]
[Black "Andersen, Mads"]
[Result "1/2-1/2"]
[WhiteElo "2310"]
[BlackElo "2190"]
[PlyCount "98"]
[EventDate "2009.03.24"]

1. e4 c5 2. a3 g6 3. b4 Bg7 4. Nc3 b6 5. Rb1 Nc6 6. g3 e6 7. Bg2 Nge7 8. Nge2
O-O 9. O-O d6 10. d3 Bd7 11. Be3 Nd4 12. Qd2 Rc8 13. Nd1 Ba4 14. c4 Nxe2+ 15.
Qxe2 Bc6 16. f4 cxb4 17. axb4 d5 18. Nf2 dxc4 19. dxc4 Qc7 20. Rfc1 e5 21. b5
Ba8 22. Nd3 exf4 23. gxf4 Rfe8 24. c5 bxc5 25. Nxc5 Qa5 26. Qf2 Rcd8 27. Kh1
Nc8 28. e5 Bxg2+ 29. Qxg2 Qa3 30. Bg1 Bh6 31. Rf1 Bg7 32. Rf3 Qa5 33. Nb7 Qa4
34. Nxd8 Rxd8 35. Rff1 Ne7 36. Qf3 Bh6 37. Ra1 Qxb5 38. Rxa7 Nf5 39. Rfa1 Qc4
40. R7a4 Qe6 41. Ra8 Rxa8 42. Rxa8+ Bf8 43. Bc5 Ne7 44. Bxe7 Qxe7 45. Qd5 Qh4
46. Qd8 Qe1+ 47. Kg2 Qe2+ 48. Kg3 Qe3+ 49. Kg2 Qe2+ 1/2-1/2

[Event "Reykjavik Open 2009"]
[Site "Reykjavik"]
[Date "2009.03.31"]
[Round "8.23"]
[White "Ptacnikova, Lenka"]
[Black "Macak, Stefan"]
[Result "0-1"]
[WhiteElo "2249"]
[BlackElo "2527"]
[PlyCount "68"]
[EventDate "2009.03.24"]

1. e4 c5 2. Nc3 d6 3. g3 Nc6 4. Bg2 g6 5. d3 Bg7 6. Be3 e6 7. Qd2 Rb8 8. Nge2
Nd4 9. O-O Ne7 10. Rae1 O-O 11. Nc1 b5 12. Nd1 b4 13. c3 bxc3 14. bxc3 Ndc6 15.
f4 Qb6 16. Ne2 Ba6 17. c4 d5 18. f5 gxf5 19. cxd5 exd5 20. exf5 Ne5 21. Nc1
Rfe8 22. f6 Bxf6 23. Bg5 Bg7 24. Bxe7 Rxe7 25. Bxd5 c4+ 26. Kg2 cxd3 27. Qg5
Rbe8 28. Rf5 Qd4 29. Rexe5 Rxe5 30. Bxf7+ Kh8 31. Bxe8 Qe4+ 32. Kh3 Rxf5 33.
Qd8 Rf8 34. Qd6 d2 0-1

[Event "Reykjavik Open 2009"]
[Site "Reykjavik"]
[Date "2009.03.31"]
[Round "8.24"]
[White "Kristjansson, Stefan"]
[Black "Karlovich, Anastazia"]
[Result "1-0"]
[WhiteElo "2472"]
[BlackElo "2251"]
[PlyCount "53"]
[EventDate "2009.03.24"]

1. e4 e5 2. Nf3 Nc6 3. Bc4 Bc5 4. b4 Bxb4 5. c3 Ba5 6. d4 exd4 7. Qb3 Qe7 8.
O-O Bb6 9. cxd4 Nxd4 10. Nxd4 Bxd4 11. Nc3 Nf6 12. Nb5 d5 13. exd5 Bc5 14. Bf4
O-O 15. Rae1 Qd8 16. Nxc7 Rb8 17. Na6 bxa6 18. Qxb8 Qa5 19. Qb3 Bd7 20. d6 Ba4
21. Qd3 Rd8 22. Re7 Be8 23. Qb3 Bxd6 24. Bxf7+ Kf8 25. Bxe8 Qd5 26. Bxd6 Qxb3
27. axb3 1-0

[Event "Reykjavik Open 2009"]
[Site "Reykjavik"]
[Date "2009.03.31"]
[Round "8.25"]
[White "Thorhallsson, Gylfi"]
[Black "Thorfinnsson, Bjorn"]
[Result "0-1"]
[WhiteElo "2219"]
[BlackElo "2408"]
[PlyCount "20"]
[EventDate "2009.03.24"]

1. e4 e5 2. Nf3 Nc6 3. Bb5 Nge7 4. d4 exd4 5. Nxd4 Ng6 6. O-O Bc5 7. Be3 Nxd4
8. Bxd4 Bxd4 9. Qxd4 Qg5 10. Nc3 Nh4 0-1